Fama y obras póstumas (Edición facsímilar)
Uloženo v:
| Hlavní autor: | |
|---|---|
| Médium: | Kniha |
| Jazyk: | Undetermined |
| Vydáno: |
México, Distrito Federal
Universidad Nacional Autónoma de México
2010
|
| Vydání: | 2 |
| Témata: | |
| Tagy: |
Přidat tag
Žádné tagy, Buďte první, kdo vytvoří štítek k tomuto záznamu!
|
MARC
| LEADER | 00000nam a2200000Ia 4500 | ||
|---|---|---|---|
| 008 | 170316s9999 xx 000 0 und d | ||
| 040 | |a cru BVZT | ||
| 090 | |a 860 C-47f | ||
| 100 | |a Cruz, Sor Juana Inés de la |9 1464 | ||
| 245 | |a Fama y obras póstumas (Edición facsímilar) | ||
| 250 | |a 2 | ||
| 260 | |a México, Distrito Federal | ||
| 260 | |b Universidad Nacional Autónoma de México | ||
| 260 | |c 2010 | ||
| 300 | |a 219 páginas | ||
| 650 | |a LITERATURA LATINOAMERICANA |9 15 | ||
| 650 | |a ROMANCES |9 1465 | ||
| 650 | |a SONETOS |9 1466 | ||
| 999 | |c 8556 |d 8556 | ||
| 942 | |c 4 D |h 860 C-47f |2 z | ||
